| 000 | 00876nam a2200265 i 4500 | ||
|---|---|---|---|
| 001 | bg | ||
| 100 | 1 |
_aKACZOREK, Tadeusz _d(1932- ) |
|
| 245 | 1 | 0 |
_aWektory i macierze w automatyce i elektrotechnice / _cTadeusz Kaczorek. |
| 250 | _aWyd. 2 zm. | ||
| 260 |
_aWarszawa : _bWydawnictwa Naukowo-Techniczne, _c1998. |
||
| 300 |
_a499, [1] s. ; _c24 cm. |
||
| 500 | _aWyd. 1 pt. : Macierze w automatyce i elektrotechnice. | ||
| 504 | _aBibliogr. s. 489-494. | ||
| 650 | 9 | _aMacierze | |
| 650 | 9 | _aWektory | |
| 655 | _aPodręczniki akademickie | ||
| 020 | _a8320422094 | ||
| 040 | _cBPK | ||
| 041 | 0 | _apl | |
| 080 | _a514.7+512.64](075.8) | ||
| 920 | _a83-204-2209-4 | ||
| 942 | _cKS | ||
| 008 | s pl f |000 0 pol | ||
| 999 |
_c41950 _d41950 |
||
| 856 |
_uhttp://koha.tu.koszalin.pl/cgi-bin/koha/opac-detail.pl?biblionumber=41950 _yKatalog online BPK |
||